000 00690nam a2200253Ia 4500
003 OSt
005 20220924131819.0
006 a|||||r|||| 00| 0
007 ta
008 220923b |||||||| |||| 00| 0 tel d
020 _cRs.5
024 _a344522
037 _cTextual
040 _aARTS
_cARTS
_btel
041 _2tel
_atel
082 _aO35,4M94,2, J7
100 _aGudipati Venkatachalam Au.
_9202961
245 0 _aChalam Uttaralu
260 _aVijayawada
_bDesi Kavita Mandali India
_c1957
300 _a370p.
_ccm.
650 _aTELUGU LITERATURE
942 _hO35,4M94,2, J7
_cTEXL
_2CC
999 _c428297
_d428297